| 000 | 00529cam a22002051 4500 | ||
|---|---|---|---|
| 001 | 1695969 | ||
| 005 | 20180212034322.0 | ||
| 008 | 730213s1964 ilua b 000 0 eng | ||
| 010 | _a 64020449 | ||
| 040 |
_aDLC _cDLC _dDLC |
||
| 041 | _aeng | ||
| 080 | _a616.89 jam | ||
| 082 | 0 | 0 | _a616.89 jam |
| 100 | 1 | _a49 | |
| 101 | _apsi | ||
| 245 | 1 | 0 |
_aAbnormal psychology and modern life _c[by] James C. Coleman. |
| 504 | _aIncludes bibliographies. | ||
| 906 |
_a7 _bcbc _corignew _du _eocip _f19 _gy-gencatlg |
||
| 942 |
_2ddc _cBK |
||
| 999 |
_c42297 _d42297 |
||